| 000 | 00517nam a2200169 a 4500 | ||
|---|---|---|---|
| 001 | 000037199 | ||
| 005 | 20200930080213.0 | ||
| 008 | 120229s1980 mx 000 0 spa d | ||
| 020 | _a9682305195 | ||
| 040 |
_aDO-SdBNP _bspa _cBNPHU |
||
| 245 | 0 | 4 |
_aLos Estados Unidos de América. / _ccompilador, Willi Paul Adams. |
| 250 | _a4ta. ed. | ||
| 260 |
_aMéxico, : _bSiglo veintiuno editores, _c1980. |
||
| 300 |
_av. ; _c18 cm. |
||
| 500 | _ala biblioteca posee el volumen 30 | ||
| 700 | 1 |
_aAdams, Willi Paul _ecomp. _963611 |
|
| 999 |
_c36689 _d36689 |
||